Búcsú, vásári játék, Tápé, idézőjelek
Elmentve itt :
| Szerző: | |
|---|---|
| Dokumentumtípus: | Cikk |
| Megjelent: |
1977-10-04
|
| Sorozat: | Délmagyarország
67 No. 233 |
| Kulcsszavak: | Tápé, Néprajz búcsú |
| Online Access: | http://dmarchiv.bibl.u-szeged.hu/87483 |
| LEADER | 00473nab a2200157 i 4500 | ||
|---|---|---|---|
| 001 | delm87483 | ||
| 005 | 20190617112042.0 | ||
| 008 | 190528s1977 hu o 0|| hun d | ||
| 040 | |a SZTE Délmagyarország Archívum |b hun | ||
| 041 | |a hun | ||
| 100 | 1 | |a Petri Ferenc | |
| 245 | 1 | 0 | |a Búcsú, vásári játék, Tápé, idézőjelek |h [elektronikus dokumentum] / |c Petri Ferenc |
| 260 | |c 1977-10-04 | ||
| 300 | |a 3 | ||
| 490 | 0 | |a Délmagyarország |v 67 No. 233 | |
| 695 | |a Tápé, Néprajz búcsú | ||